00471nam a22001577a 450000500170000001000150001702000260003203500140005803700130007208200080008510000340009324500570012726000450018427000580022930000260028720220728170258.0 aENG-134083 a9789380005553c195.00 aEN-117615 bDBAB/PUB a193 aNietzsche, Friendrich Wilhelm aThus Spoke Zarathustra/cFriedrich Wilhelm Neitzsche aNoidabMaple Press Private Limitedc2018 aA-63, Sector 58bNoidae201301minfo@maplepress.co.in axvi, 334p.c21cm(pbk)